| 000 | 00554nam a22001817a 4500 | ||
|---|---|---|---|
| 999 |
_c190769 _d190769 |
||
| 005 | 20220804130237.0 | ||
| 010 | _aENG-134240 | ||
| 020 |
_c100.00 _a9788185883653 |
||
| 035 | _aEN-117772 | ||
| 037 | _bDBAD/PUB | ||
| 082 | _a294.5441 | ||
| 100 | _aJyotirmayananda | ||
| 245 |
_aAdvice to Householders/ _cJyotirmayananda |
||
| 260 |
_aGhaziabad _bInternational Yoga Society _c2011 |
||
| 270 |
_aLal Bagh, Loni _bGhaziabad _e201102 _k0120-2600237 _mlysindia@gmail.com |
||
| 300 |
_a176 p. _c21cm(pbk) |
||
| 942 |
_2ddc _cEN _h294.5441 _mJYO |
||